|
|
|
|
| LEADER |
00000cai a22000004a 4500 |
| 001 |
musev2_40556 |
| 003 |
MdBmJHUP |
| 005 |
20230905044243.0 |
| 006 |
m o d |
| 007 |
cr||||||||nn|n |
| 008 |
710526d19682004enk o 00 0 eng d |
| 020 |
|
|
|a 9781910448328
|
| 020 |
|
|
|z 9780853159919
|
| 035 |
|
|
|a (OCoLC)561243182
|
| 040 |
|
|
|a MdBmJHUP
|c MdBmJHUP
|
| 245 |
0 |
4 |
|a The History of the Communist Part Volume 6 :
|b 1964-1991 End Games and New Times
|
| 264 |
|
1 |
|a London :
|b Lawrence & Wishart,
|c 1968-2004.
|
| 264 |
|
3 |
|a Baltimore, Md. :
|b Project MUSE,
|c 2016
|
| 264 |
|
4 |
|c ©1968-2004.
|
| 300 |
|
|
|a 1 online resource (266 pages):
|b )
|
| 336 |
|
|
|a text
|b txt
|2 rdacontent
|
| 337 |
|
|
|a computer
|b c
|2 rdamedia
|
| 338 |
|
|
|a online resource
|b cr
|2 rdacarrier
|
| 505 |
0 |
|
|a V. 1. Formation and early years, 1919-1924 / James Klugmann -- v. 2. The General Strike, 1925-1927 / James Klugmann -- v. [3] 1927-1941 / Noreen Branson -- v. [4] 1941-1951 / Noreen Branson -- v. [5] 1951-68 / John Callaghan -- v. [6] The final years of British communism, 1964-1991 / Geoff Andrews.
|
| 588 |
|
|
|a Description based on print version record.
|
| 610 |
2 |
7 |
|a Communist Party of Great Britain.
|2 fast
|0 (OCoLC)fst00545704
|
| 610 |
2 |
0 |
|a Communist Party of Great Britain.
|
| 655 |
|
7 |
|a Electronic books.
|2 local
|
| 700 |
1 |
|
|a Klugmann, James.
|
| 700 |
1 |
|
|a Branson, Noreen.
|
| 700 |
1 |
|
|a Callaghan, John
|q (John T.)
|
| 700 |
1 |
|
|a Andrews, Geoff,
|d 1961-
|
| 710 |
2 |
|
|a Project Muse.
|e distributor
|
| 830 |
|
0 |
|a Book collections on Project MUSE.
|
| 856 |
4 |
0 |
|z Texto completo
|u https://projectmuse.uam.elogim.com/book/40556/
|
| 945 |
|
|
|a Project MUSE - Custom Collection
|
| 945 |
|
|
|a Project MUSE - Archive Complete Supplement IV
|
| 945 |
|
|
|a Project MUSE - Archive History Supplement IV
|